| 000 | 00689nam a22002057a 4500 | ||
|---|---|---|---|
| 005 | 20250117071528.0 | ||
| 008 | 250117t ||||| |||| 00| 0 spa d | ||
| 020 | _a9788496669789 | ||
| 040 |
_aCO-BoUCM _cDavid Moreno _dDavid Moreno |
||
| 041 | _aspa | ||
| 100 | 1 |
_aHarrison, Lorraine _9184026 |
|
| 245 | 1 | 0 |
_aCómo leer jardines _buna guía para aprender a disfrutarlos _cLorraine Harrison |
| 260 |
_aTres Cantos (Madrid) _bH. Blume _c2012 |
||
| 300 |
_a256 Paginas _bilustraciones |
||
| 500 | _aIndice. Glosario | ||
| 650 | 1 | 4 |
_aJardines _918056 |
| 650 | 1 | 4 |
_aArquitectura del paisaje _99399 |
| 942 |
_2DEWEY _a17 _cLIBRO _e1 _h712 _mH319c _n0 |
||
| 999 |
_c325084 _d325084 |
||